[Event "RUS-chT 11th"]
[Site "Sochi"]
[Date "2004.04.20"]
[Round "1.5"]
[White "Galkin, Alexander"]
[Black "Belov, Vladimir"]
[Result "1-0"]
[WhiteElo "2602"]
[BlackElo "2543"]
[Annotator "Ftacnik,L"]
[PlyCount "49"]
[EventDate "2004.04.20"]
[EventType "team-tourn"]
[EventRounds "9"]
[EventCountry "RUS"]
[SourceTitle "EXT 2020"]
[Source "ChessBase"]
[SourceDate "2019.10.17"]
[SourceVersion "1"]
[SourceVersionDate "2019.10.17"]
[SourceQuality "1"]
[WhiteTeam "Norilsk Norilsky Nikel"]
[BlackTeam "Samara Termosteps"]
[WhiteTeamCountry "RUS"]
[BlackTeamCountry "RUS"]

1. e4 c5 2. Nf3 d6 3. d4 cxd4 4. Nxd4 Nf6 5. Nc3 a6 6. Be2 e6 7. Be3 Be7 8. Qd2
O-O 9. O-O-O Nc6 10. f4 Qc7 11. g4 Nxd4 12. Qxd4 b5 13. g5 Nd7 14. f5 Re8 $2 {
[%mdl 8192] This typical sicilian move is not suitable in this position, since
the diagonal a8-h1 was seriously weakened by b7-b5.} (14... Bb7 15. Rhg1 $14)
15. fxe6 fxe6 16. Nd5 $1 exd5 (16... Qd8 17. Nxe7+ Qxe7 18. Qxd6 $18) 17. Qxd5+
Kh8 18. Qxa8 Bxg5 {The first independent move in the lost position. Belov is
puting up better resistance than his foreruner in the year 1984.} (18... Nb6
19. Bxb6 Bxg5+ 20. Kb1 Qxb6 21. Qd5 Be7 22. Qf7 Qc6 23. Bh5 Bd7 24. Rhf1 Qc8
25. e5 g6 26. Bxg6 hxg6 27. Qxg6 {1-0 Cabrilo,G-Schmidt,W/Trnava 1984/ (27)})
19. Bxg5 Nb6 20. Bxb5 $1 Nxa8 (20... axb5 21. Qa3 Nc4 22. Qb4 $18) (20... Rg8
21. Qc6 $18) 21. Bxe8 Qa5 22. Be7 Qe5 (22... Qxa2 23. Rhf1 Qa1+ (23... g6 24.
Bf7 Qa1+ 25. Kd2 Qa5+ 26. Kd3 Kg7 27. Bb3 $18) 24. Kd2 Qa5+ 25. Kd3 $18) 23.
Bxd6 $1 {Due to the fatal weakess of the basic rank Galkin can afford this
witty move, the battle was decided in white's favour.} Qxe4 (23... Qxe8 24.
Rhf1 Kg8 25. Rf8+ Qxf8 26. Bxf8 Kxf8 27. Rd8+ $18) 24. Rhe1 Qc4 25. b3 (25. b3
Qc3 26. Be5 Qa5 27. Bc6 $18) 1-0

[Event "Interzonal-15"]
[Site "Manila"]
[Date "1990.??.??"]
[Round "9"]
[White "Spasov, Vasil"]
[Black "Sokolov, Andrei"]
[Result "0-1"]
[WhiteElo "2495"]
[BlackElo "2570"]
[Annotator "Ftacnik,L"]
[PlyCount "121"]
[EventDate "1990.06.29"]
[EventType "swiss"]
[EventRounds "13"]
[EventCountry "PHI"]
[SourceTitle "CBM 019"]
[Source "ChessBase"]
[SourceDate "1990.12.01"]
[SourceVersion "1"]
[SourceVersionDate "1990.12.01"]
[SourceQuality "1"]

1. e4 c5 2. Nf3 e6 3. d4 cxd4 4. Nxd4 Nc6 5. Nc3 d6 6. Be2 Nf6 7. Be3 Be7 8.
Qd2 O-O 9. O-O-O a6 10. f4 (10. g4 $6 Nxd4 11. Qxd4 e5 12. Qd2) 10... Qc7 $6
11. g4 Nd7 (11... Nxd4 12. Bxd4 e5 13. Be3 Bxg4 $2 14. Bxg4 Nxg4 15. Nd5 Qd8
16. Bb6 Qd7 17. Rhg1 $40) 12. g5 b5 13. f5 b4 14. f6 Bd8 (14... gxf6) 15. fxg7
Re8 16. Na4 Bb7 17. Rhf1 (17. Nxc6 $2 Bxc6 18. Qxb4 Rb8 19. Qa3 Bxe4 $19) 17...
Nce5 18. Bh5 (18. Qxb4 Bxe4 $13) 18... Bxe4 19. Qf2 Nc5 (19... Be7 $2 20. Nxe6
$1) 20. Nxc5 dxc5 21. Nf3 $16 Ng6 22. Nd2 Bd5 (22... Bf5 23. Nc4 Be7 24. Bg4
$16) 23. Bxg6 hxg6 24. Qh4 Kxg7 25. Qh6+ Kg8 26. Rf6 (26. Rf4 $5 Qe5 27. Rxf7
$1 Kxf7 28. Qh7+ Kf8 29. Rf1+ Qf5 30. Bxc5+ Be7 31. Rxf5+ $18) 26... e5 $8 27.
Rxg6+ fxg6 28. Qxg6+ Kf8 29. Rf1+ (29. Ne4 $5) 29... Ke7 30. Ne4 Rf8 31. Qg7+ (
31. Bxc5+ Qxc5 $1 $13) 31... Rf7 32. Rxf7+ $6 (32. Bxc5+ $18) 32... Bxf7 33. g6
Ke6 34. gxf7 Be7 (34... Qxf7 35. Nxc5+ Ke7 36. Bg5+ Ke8 37. Qh8+ Qf8 38. Qxf8+
Kxf8 39. Bxd8 $18) 35. Qg6+ Kd5 36. Qg2 Ke6 37. Qg6+ Kd5 38. Bh6 (38. Nf6+ Bxf6
39. Qxf6 Rf8 $13) 38... c4 39. Nf6+ (39. Nd2 $5) 39... Kc5 40. Qf5 Kb5 41. Ne4
(41. Nd5 Qc5) 41... Bf8 42. Bg5 Ra7 43. Be3 Rb7 (43... Qxf7 44. Qxe5+ Kc6 45.
Bxa7 Qf1+ 46. Kd2 Bh6+ 47. Ng5 Qg2+ 48. Ke1 $16) 44. Bf4 Qxf7 45. Qxe5+ Kc6 46.
b3 $4 (46. Nd6 Bxd6 47. Qxd6+ Kb5 48. Qe5+ $10) 46... Rb5 $19 47. Nd6 Rxe5 48.
Nxf7 Rf5 49. Ne5+ Kd5 50. bxc4+ Kd4 51. Bg3 Bh6+ 52. Kb2 Bg7 53. Nd3 Kxc4+ 54.
Kc1 Rf1+ 55. Kd2 Bc3+ 56. Ke2 Ra1 57. Ne5+ Bxe5 58. Bxe5 Rxa2 59. Kd1 Ra5 60.
Bf4 Ra1+ 61. Bc1 0-1

[Event "ASEAN GM 3rd"]
[Site "Bangkok"]
[Date "2004.08.02"]
[Round "5"]
[White "Myo, Naing"]
[Black "Dao, Thien Hai"]
[Result "0-1"]
[WhiteElo "2477"]
[BlackElo "2583"]
[Annotator "Ftacnik,L"]
[PlyCount "68"]
[EventDate "2004.07.30"]
[EventType "tourn"]
[EventRounds "10"]
[EventCountry "THA"]
[EventCategory "11"]
[SourceTitle "CBM 103"]
[Source "ChessBase"]
[SourceDate "2004.11.11"]
[SourceVersion "1"]
[SourceVersionDate "2004.11.11"]
[SourceQuality "1"]

1. e4 c5 2. Nf3 d6 3. d4 cxd4 4. Nxd4 Nf6 5. Nc3 a6 6. a4 e6 7. Be2 b6 8. f4
Bb7 9. Bf3 Nbd7 10. O-O Qc7 11. Qe1 Rd8 12. Be3 Be7 13. Kh1 O-O 14. Bg1 (14.
Qg3 Nc5 15. f5 e5 16. Bh6 Ne8 17. Nb3 Nd7 18. Rad1 Kh8 19. Be3 Nef6 20. Qf2
Rfe8 {0-1 Polgar,J-Kasparov,G/Linares 1994/ (46)}) (14. Rd1 Nc5 15. Bc1 d5 16.
e5 Nfe4 17. b4 Nb3 18. Nxe4 Nxd4 19. Rxd4 dxe4 20. Rxd8 Rxd8 21. Bxe4 Bxe4 22.
Qxe4 Rc8 {1/2-1/2 Petrenko,S-Sandu,M/Sovata 1997/ (33)}) 14... g6 (14... Nc5
15. b4 Ncd7 16. Rb1 (16. b5 d5 17. bxa6 dxe4 18. Ndb5 exf3 19. Rxf3 Qc6 20.
axb7 Qxb7 21. Rd1 Nc5 {0-1 Barlocco,C-Mrdja,M/Robecchetto 1996/ (50)}) 16... g6
17. Rb3 e5 18. Nde2 Rfe8 19. Qf2 Bf8 20. fxe5 dxe5 21. Qh4 Bg7 22. Be3 {
1-0 Waitzkin,J-Stocek,J/Budapest 1997/ (51)}) 15. Qg3 {White is ready for the
start of the kingside attack, but all black pieces are well prepared to
counter it.} Ne8 (15... Nc5 16. Rae1 d5 17. e5 Nfe4 18. Bxe4 Nxe4 19. Nxe4 dxe4
20. f5 $1 Bd5 21. Be3 $14) 16. Rae1 Ng7 17. e5 (17. Be3 e5 18. fxe5 dxe5 $13)
17... Bxf3 (17... dxe5 18. fxe5 Bxf3 19. Qxf3 Nxe5 20. Rxe5 Qxe5 21. Nc6 Qd6
22. Nxd8 Bxd8 23. Qa8 a5 24. Rd1 Qe7 $13) 18. Rxf3 dxe5 19. fxe5 Bc5 (19... Nh5
20. Qh3 Nxe5 $2 21. Nxe6 $1 fxe6 22. Qxe6+ Nf7 23. Qxe7 $16) 20. Ne4 (20. Rff1
f6 21. exf6 Qxg3 22. hxg3 Rxf6 23. Nc6 Rc8 24. Rxf6 Nxf6 25. Bxc5 Rxc6 26. Bd4
Ng4 $17) 20... Nh5 (20... Bxd4 21. Bxd4 Nf5 22. Qf2 Nxd4 23. Qxd4 Nxe5 24. Nf6+
Kg7 25. Qf4 Nxf3 26. Qxc7 Nxe1 27. Qe5 Rd1 28. Ne8+ Kh6 29. Qf4+ g5 30. Qf6+
Kh5 31. Ng7+ $18) 21. Qg5 $6 {The pawn on e5 is very exposed, but black must
be careful when destroying the enemy. Myo Naing is not exploiting the full
attacking potential of his pieces.} (21. Qf2 Nxe5 22. Rc3 Rd5 23. b4 Bxd4 24.
Rxc7 Bxf2 25. Bxf2 Rb8 $15) 21... Nxe5 22. Rh3 $6 (22. Rc3 $1 Rd5 23. Qc1 Qe7
$15) 22... Be7 23. Qc1 (23. Qh6 Ng4 24. Qc1 Rd7 $17) 23... Rd5 24. Rxh5 (24.
Rc3 Qd7 25. Nf3 f5 $17) 24... gxh5 25. Qf4 Qd7 26. c4 (26. Nc3 Ng6 27. Qf2 Rc5
28. Nb3 Rc6 $17) 26... Ng6 (26... Nxc4 27. Qg3+ Kh8 28. Qc3 e5 $19) 27. Nf6+ (
27. Qf2 Ra5 28. b3 f5 $19) 27... Bxf6 28. Qxf6 Rd6 29. Nf3 Rd8 30. Ne5 (30. c5
bxc5 31. Bxc5 Rd1 32. Bb6 Rxe1+ 33. Nxe1 Re8 $19) 30... Qe7 $1 {Black is
easily parrying all the threats as white has only two pieces in the attack.}
31. Qf3 Nxe5 32. Rxe5 Rd1 33. Rxh5 (33. Qg3+ Kh8 34. Re1 h4 35. Qc3+ f6 $19)
33... f6 34. h3 Ra1 0-1

[Event "Bermuda-A"]
[Site "Bermuda"]
[Date "2002.01.28"]
[Round "7"]
[White "Handke, Florian"]
[Black "Lesiege, Alexandre"]
[Result "0-1"]
[WhiteElo "2450"]
[BlackElo "2572"]
[Annotator "Ftacnik,L"]
[PlyCount "50"]
[EventDate "2002.01.21"]
[EventType "tourn"]
[EventRounds "9"]
[EventCountry "BER"]
[EventCategory "10"]
[SourceTitle "CBM 088"]
[Source "ChessBase"]
[SourceDate "2002.03.21"]
[SourceVersion "1"]
[SourceVersionDate "2002.03.21"]
[SourceQuality "1"]

1. e4 c5 2. Nf3 d6 3. d4 cxd4 4. Nxd4 Nf6 5. Nc3 a6 6. Be2 e6 7. Be3 Be7 8. Qd2
O-O 9. O-O-O Nc6 10. f4 Nxd4 11. Bxd4 b5 12. Bf3 b4 13. Ne2 e5 14. Be3 (14.
fxe5 dxe5 15. Bxe5 Qa5 16. Bxf6 Bxf6 (16... Qxa2 17. Qd5 Qxd5 18. exd5 Bxf6 19.
Rhe1 $16) 17. Qd5 $1 Qb6 18. Qxa8 Be6 19. Qxf8+ Kxf8 20. Kb1 Bc4 $14) 14... a5
15. Kb1 (15. Rhf1 Bb7 16. Ng3 Rc8 $11) 15... Qc7 16. Ng3 Bb7 {Black is
enjoying great play, his pawns are advanced an white is slow in getting
kingside play.} 17. Nf5 (17. Rhf1 Rfd8 (17... Rac8 $2 18. Nf5 Nxe4 19. Qd3 Nf6
20. Bb6 $16) 18. Qf2 exf4 19. Bxf4 a4 $15) 17... Nxe4 18. Qd3 (18. Bxe4 Bxe4
19. Bb6 Qb7 20. Nxe7+ Qxe7 21. Qxd6 Qxd6 22. Rxd6 exf4 $15) 18... Nf6 19. Bxb7
(19. Bb6 Qxb6 (19... Qd7 20. fxe5 $18) 20. Nxe7+ Kh8 21. Bxb7 Qxb7 22. Qxd6
exf4 23. Rhe1 Qxg2 24. Qxf4 Rad8 $17) 19... Qxb7 20. fxe5 (20. Nxd6 Bxd6 21.
Qxd6 e4 (21... Ne4 22. Qd5 $14) 22. Rd4 Rfe8 $11) 20... dxe5 21. Bg5 $2 {
Handke is going in the right direction but not forcefully enough, white could
still have kept equality.} (21. Bh6 $1 Rfd8 (21... Ne8 22. Qd5 Rb8 23. Be3 Bf6
24. Qxb7 Rxb7 25. Bc5 $16) 22. Qg3 g6 23. Bg5 e4 24. Qe5 $11) 21... Kh8 22. Qg3
$2 (22. Qe2 $2 Ne4 23. Bxe7 Nc3+ $19) (22. Qh3 a4 23. Rde1 b3 24. cxb3 Ng8 25.
Bxe7 Nxe7 26. bxa4 Rfb8 27. Re2 Rxa4 $17) 22... Ne4 23. Qxe5 Nc3+ $1 {The
decisive trick, black knight enters "forbidden" waters with a great tempo.} 24.
Ka1 (24. bxc3 bxc3+ $19) 24... f6 25. Qg3 (25. Qxe7 Qxe7 26. Nxe7 Nxd1 27. Bf4
Rfe8 $19) 25... fxg5 0-1

[Event "Bundesliga 0203"]
[Site "Germany"]
[Date "2002.12.14"]
[Round "5.4"]
[White "Handke, Florian"]
[Black "Pelletier, Yannick"]
[Result "0-1"]
[WhiteElo "2504"]
[BlackElo "2587"]
[Annotator "Ftacnik,L"]
[PlyCount "80"]
[EventDate "2002.10.19"]
[EventType "team-tourn"]
[EventRounds "15"]
[EventCountry "GER"]
[SourceTitle "CBM 093"]
[Source "ChessBase"]
[SourceDate "2003.04.01"]
[SourceVersion "1"]
[SourceVersionDate "2003.04.01"]
[SourceQuality "1"]
[WhiteTeam "Wattenscheid"]
[BlackTeam "Werder Bremen"]
[WhiteTeamCountry "GER"]
[BlackTeamCountry "GER"]

1. e4 c5 2. Nf3 d6 3. d4 cxd4 4. Nxd4 Nf6 5. Nc3 a6 6. Be2 e6 7. Be3 Be7 8. Qd2
Nc6 9. O-O-O O-O 10. f4 Nd7 11. g4 Nxd4 12. Qxd4 b5 13. g5 Rb8 14. h4 b4 15.
Nb1 Qa5 16. Bc4 (16. a3 $2 bxa3 17. Nxa3 d5 $17) 16... Nc5 17. g6 $5 {Handke
is rushing forward in the hope of comming first with attack against the black
king.} (17. h5 e5 $1 18. Qd2 Nxe4 $17) 17... Kh8 (17... hxg6 18. h5 e5 19. Qd2
gxh5 20. Rdg1 $40) (17... fxg6 18. h5 gxh5 19. Rdg1 Rf7 20. f5 $13) 18. h5 h6
19. gxf7 e5 (19... Rxf7 $5 20. f5 $36) 20. Qd2 (20. fxe5 dxe5 21. Qxe5 $4 Nb3+
$19) 20... exf4 (20... Nxe4 21. Qg2 Bb7 22. Qg6 Bf6 23. Rhg1 $14) 21. Bxf4 Nxe4
22. Qe3 Qf5 $6 {Black admitts with this move, that his queenside attack is not
getting anywhere. Unfortunatelly the queen will prove to be a poor defender.} (
22... Bb7 23. Rhf1 Rbc8 24. Be6 $14) 23. Rhf1 Bg5 (23... Qh7 24. Nd2 Nxd2 25.
Qxe7 $18) 24. Nd2 (24. Bxg5 Qxg5 25. Qxg5 hxg5 (25... Nxg5 26. Rxd6 Bg4 27.
Rxa6 Bxh5 28. Ra7 $16) 26. Rd4 Ng3 27. Re1 $16) 24... Nxd2 (24... d5 25. Nxe4
Qxe4 (25... dxe4 26. Rd5 Qxf7 (26... Bxf4 27. Rxf4 Qe6 28. Rd8 Qe7 29. Rf6 $3
$18) 27. Bxg5 Qxf1+ 28. Bxf1 Rxf1+ 29. Kd2 hxg5 30. Rd8+ Kh7 31. Qxg5 $18) 26.
Bxg5 Qxe3+ 27. Bxe3 dxc4 28. Rd6 Rb7 (28... Bg4 29. Bd4 Kh7 30. Rg6 $18) 29.
Rd8 $1 Rxd8 30. f8=Q+ $18) 25. Rxd2 Bxf4 26. Qxf4 Qxh5 (26... Qxf4 27. Rxf4 Rb6
28. Re4 Bd7 29. Red4 Bf5 30. Rxd6 Rxd6 31. Rxd6 $18) 27. Qxd6 (27. Rxd6 Bg4 28.
Rg1 Bf3 29. Rdg6 Rbd8 30. Rxg7 Rd1+ 31. Rxd1 Kxg7 32. Qd4+ $18) 27... Bf5 28.
Qf4 (28. Qxa6 Qg4 29. Bb3 Qh3 30. Rf4 $18) 28... Rbc8 29. Bb3 (29. Bxa6 Rc6 30.
Bc4 Be6 31. Bxe6 Rxe6 32. Qc4 Re7 33. Rdf2 $16) 29... Bh7 30. Qxb4 Qe5 31. Qd4
Qxd4 (31... Qg5 32. Rg1 $18) 32. Rxd4 Bg6 33. Rd6 Kh7 34. Rxa6 $4 {[%mdl 8192]
Unusual mistake, since after the punishing blow from black white rooks have no
chance to defend each other.} (34. a4 Rc7 35. Rf4 (35. Rxa6 Bd3 36. Ra7 Rxa7
37. cxd3 g5 38. Kd2 h5 $132) 35... Bxf7 36. Bxf7 Rcxf7 37. Rxf7 Rxf7 38. Rxa6
g5 $13) (34. Rd7 $1 Rc6 35. Kd2 h5 36. a4 $18) 34... Bd3 $1 35. Rxh6+ (35. Ra8
Bxf1 36. Rxc8 Rxc8 37. a4 g5 38. Be6 Rd8 39. b4 h5 40. c4 g4 $19) 35... gxh6
36. Rf4 Bg6 37. a4 Kg7 38. Rb4 (38. a5 Bxf7 39. Ba4 Rc4 40. Rxc4 Bxc4 $19)
38... Rc5 39. c3 Rg5 40. Rf4 Bxf7 0-1

[Event "CZE-ch"]
[Site "Karlovy Vary"]
[Date "2005.02.04"]
[Round "4"]
[White "Haba, Petr"]
[Black "Lechtynsky, Jiri"]
[Result "1-0"]
[WhiteElo "2525"]
[BlackElo "2487"]
[Annotator "Ftacnik,L"]
[PlyCount "57"]
[EventDate "2005.02.01"]
[EventType "tourn"]
[EventRounds "11"]
[EventCountry "CZE"]
[EventCategory "11"]
[SourceTitle "CBM 106"]
[Source "ChessBase"]
[SourceDate "2005.06.06"]
[SourceVersion "1"]
[SourceVersionDate "2005.06.06"]
[SourceQuality "1"]

1. e4 c5 2. Nf3 e6 3. d4 cxd4 4. Nxd4 a6 5. Nc3 Qc7 6. Be2 Nf6 7. O-O d6 8. f4
Nc6 9. Be3 Bd7 10. Nb3 b5 11. a3 Rb8 {In this line white has to be prepared
for the idea b5-b4 with black's counterplay on the queenside.} (11... Be7 12.
Qd2 (12. Qe1 O-O 13. Rd1 (13. Qg3 Kh8 14. Rad1 b4 15. axb4 Nxb4 16. Rd2 Bc6 17.
Bd4 Rad8 18. Kh1 Qc8 19. Na5 d5 20. Nxc6 Nxc6 21. Bxf6 Bxf6 22. exd5 exd5 23.
Nxd5 Bxb2 {1/2-1/2 Postler,R-Vujakovic,B/Dresden 1969/ (36)}) 13... b4 14. axb4
Nxb4 15. Qd2 Bc6 16. Kh1 Rab8 17. Bf3 Nxc2 18. Qxc2 Ba4 19. Rc1 Bxb3 20. Qf2
Qd7 {0-1 Kurajica,B-Hennings,A/Oerebro 1966/ (49)}) (12. Rf2 b4 13. axb4 Nxb4
14. Bf3 Rc8 15. g4 h6 16. g5 hxg5 17. fxg5 Nh7 18. Qd2 Nf8 19. Qd4 Nc6 20. Qxg7
Rh7 21. Qg8 {1-0 Petrosian,T-Johansson,M/Havana 1966/ (25)}) (12. Bf3 O-O (
12... Rc8 13. Qe2 O-O 14. Rad1 Be8 15. Qf2 Nd7 16. Nd4 Ndb8 17. Qg3 Nxd4 18.
Bxd4 f6 19. Bg4 Bf7 20. Qh3 Qd7 21. Rd3 Nc6 {0-1 Van der Poel,P-De Ruiter,T/
Netherlands 1995/ (45)}) 13. Qd2 Rab8 14. g4 Rfc8 15. g5 Ne8 16. h4 b4 17. axb4
Nxb4 18. Qg2 Bd8 19. h5 Qb7 20. Na5 Bxa5 21. Rxa5 {1/2-1/2 Fichtl,J-Jansa,V/
Trinec 1972/ (43)}) 12... O-O 13. Rad1 Rac8 14. Kh1 b4 15. axb4 Nxb4 16. Nd4
Rb8 17. Bf3 d5 18. e5 Ne8 19. f5 exf5 20. Bxd5 Nxd5 21. Nxd5 {1-0 Szily,
J-Scafarelli,F/Helsinki 1952/ (27)}) 12. Kh1 (12. Bf3 b4 13. axb4 Nxb4 14. Qd2
$14) 12... Be7 13. Qe1 O-O 14. Qg3 b4 (14... Ne8 15. Rad1 b4 16. axb4 Nxb4 17.
Rd2 Nxc2 18. Rxc2 Rxb3 19. Bxa6 $14) 15. axb4 Nxb4 16. Nd4 Nxc2 $5 {An
excellent tactical solution, Lechtynsky gets lot of pawns and play for the
temporary sacrifice of the knight.} (16... e5 17. fxe5 dxe5 18. Rac1 Nc6 19.
Nd5 Nxd5 20. Bh6 g6 21. Nxc6 Bxc6 22. exd5 Bxd5 23. Bxf8 Bxf8 24. b3 $16) 17.
Nxc2 Rxb2 18. Bd3 Rxc2 $1 (18... Qxc3 19. Bd4 Qb3 20. Bxb2 Qxb2 21. e5 Nd5 22.
Rfb1 Qc3 23. Nb4 $16) (18... Rb3 19. Bd4 Rxc3 20. Bxc3 Qxc3 21. e5 Nd5 22. Rxa6
$16) 19. Bxc2 Qxc3 20. Rfc1 e5 $2 {Black is not consequent enough, his
solution to the slowing down white's kingside attack is far from best.} (20...
Ng4 $1 21. Ba4 (21. Qxg4 Qxe3 22. Re1 Qd2 $11) 21... Qxe3 22. Qxe3 Nxe3 23.
Bxd7 d5 $11) 21. fxe5 dxe5 (21... Qxe5 22. Qxe5 dxe5 23. Rxa6 $16) 22. Ba4 Qb4
23. Bxd7 Nxd7 24. Bh6 Bf6 25. Rxa6 Qe7 (25... Kh8 26. Rxf6 gxh6 27. Rxh6 Qxe4
28. Rd6 $16) 26. Rf1 Rb8 27. h3 $1 {Excellent quiet move preparing the witty
final combination.} (27. Raxf6 $2 Qxf6 28. Rxf6 Rb1+ $19) 27... Nb6 (27... g6
28. Ra7 Rd8 29. Qg4 $18) 28. Qg4 Qd6 (28... Kf8 29. Be3 Nc8 30. Raxf6 gxf6 31.
Bh6+ Ke8 32. Rd1 Nd6 33. Qg8+ Kd7 34. Qxb8 $18) 29. Rxf6 $1 {[%mdl 64] The
fireworks along the 6th rank are very impressive, black will go under due to
the weakness of the basic rank.} (29. Rxf6 $1 Qxf6 30. Rxb6 $1 Rxb6 (30... Qxb6
31. Qxg7#) 31. Qc8+) 1-0

[Event "Donetzk zt"]
[Site "Donetsk"]
[Date "1998.11.05"]
[Round "4"]
[White "Moroz, Alexander"]
[Black "Novikov, Igor A"]
[Result "0-1"]
[WhiteElo "2490"]
[BlackElo "2545"]
[Annotator "Ftacnik,L"]
[PlyCount "50"]
[EventDate "1998.11.02"]
[EventType "swiss"]
[EventRounds "11"]
[EventCountry "UKR"]
[SourceTitle "CBM 068"]
[Source "ChessBase"]
[SourceDate "1999.02.01"]
[SourceVersion "1"]
[SourceVersionDate "1999.02.01"]
[SourceQuality "1"]

1. e4 c5 2. Nf3 d6 3. d4 cxd4 4. Nxd4 Nf6 5. Nc3 a6 6. a4 e6 7. Be2 Qc7 8. O-O
Be7 9. f4 O-O 10. Kh1 Rd8 11. Bd3 Nbd7 (11... b6 12. Qf3 (12. Qe2 Bb7 13. Bd2
Nbd7 14. Rae1 Nc5 15. b4 Nxd3 16. cxd3 Rac8 17. Qd1 Bf8 18. Qb3 Re8 19. Rc1 Qd7
20. Be3 {1/2-1/2 Kuzmin,G-Novikov,I/Bratislava 1996/CBM 55 (39)}) 12... Bb7 13.
Qh3 Nbd7 14. Nf3 (14. Bd2 Nc5 15. Rae1 d5 16. e5 Nfe4 17. Be3 Rac8 18. Nce2 Bf8
19. f5 exf5 20. Nxf5 Ne6 21. c3 Qxe5 22. Bxb6 {1-0 Tischbierek,R-Kersten,U/
Hamburg 1995/EXT 97 (38)}) 14... Nc5 15. Be3 Ncxe4 16. Ng5 d5 17. Bd4 h6 18.
Be5 Qc8 19. Ncxe4 dxe4 20. Bxf6 Bxf6 21. Nxe4 Bxb2 22. Rab1 Bd4 23. f5 {
1-0 Kosten,A-Suba,M/London 1988/TD (62)}) 12. Qe2 (12. Qf3 Nc5 13. Be3 b6 14.
Rae1 Bb7 15. Bg1 d5 16. e5 Nfe4 17. Qh3 Nxd3 18. cxd3 Nxc3 19. bxc3 Bc8 20. f5
exf5 21. Nxf5 Bf8 22. Bd4 Be6 {1/2-1/2 Morawietz,D-Ziegler,A/NRW-II 1994/GER 
(47)}) 12... Nc5 13. Bd2 d5 $6 (13... b6 $5 14. Rae1 Bb7 $13) 14. e5 Nfe4 15.
Bxe4 dxe4 (15... Nxe4 16. Nxe4 dxe4 17. Qxe4 Bd7 18. Rfd1 $14) 16. Nb3 $6 {
[%mdl 16] White must play very well to solve the problem of the weak e4 pawn
with maximum effect. If he squanders it black will have not only compensation,
but a clear advantage.} (16. Qc4 $5 Qb6 (16... Qd7 17. Be3 b5 18. axb5 Bb7 19.
Nc6 Bxc6 20. bxc6 Qxc6 21. b4 $18) 17. Be3 (17. a5 Qxb2 18. Rfb1 Rxd4 19. Qxd4
Qxc2 $14) 17... a5 18. Nb3 $16) 16... Bd7 (16... Nxb3 17. cxb3 Qb6 18. Nxe4
Qxb3 19. Be3 b6 $11) 17. Nxe4 $2 (17. Nxc5 Qxc5 18. Qxe4 Bc6 19. Qe3 Rd7 $44)
17... Nxa4 {White had in effect traded e4 pawn for the a4 one, but black is
left with bishop's pair and the long diagonal a8-h1.} 18. Qe3 Bc6 (18... Nxb2
19. Ba5 Nc4 20. Bxc7 Nxe3 21. Bxd8 Rxd8 $15) (18... Bb5 19. Rfc1 b6 $15) 19.
Ba5 b6 20. Rxa4 Bxa4 (20... bxa5 21. Rc4 $1 (21. Rxa5 Bb4 22. Raa1 Qb7 23. Nbc5
Bxc5 24. Nxc5 Bxg2+ 25. Kg1 Qc6 $15) 21... Rac8 22. Nd4 $13) 21. Bxb6 Qxc2 22.
Bxd8 (22. Nd4 Qxb2 23. Bxd8 Rxd8 24. Nf3 Bc6 $19) 22... Rxd8 23. Nbc5 Bxc5 (
23... Bc6 24. Rg1 Bxc5 25. Nxc5 Rd1 $19) 24. Nxc5 Bc6 25. Rg1 Rd1 (25... Rd1
26. Qg3 Rxg1+ 27. Kxg1 Qxc5+ $19) 0-1

[Event "Sanjin Hotel Cup"]
[Site "Taiyuan"]
[Date "2004.07.25"]
[Round "8"]
[White "Short, Nigel D"]
[Black "Ye, Jiangchuan"]
[Result "1-0"]
[WhiteElo "2684"]
[BlackElo "2681"]
[Annotator "Ftacnik,L"]
[PlyCount "53"]
[EventDate "2004.07.17"]
[EventType "tourn"]
[EventRounds "9"]
[EventCountry "CHN"]
[EventCategory "16"]
[SourceTitle "CBM 102"]
[Source "ChessBase"]
[SourceDate "2004.09.23"]
[SourceVersion "1"]
[SourceVersionDate "2004.09.23"]
[SourceQuality "1"]

1. e4 c5 2. Nf3 e6 3. d4 cxd4 4. Nxd4 Nc6 5. Nc3 Qc7 6. Be2 a6 7. O-O Nf6 8.
Kh1 Be7 9. f4 d6 10. Nxc6 bxc6 11. Qd3 O-O 12. b3 Bb7 13. Bb2 c5 14. Rae1 Rae8
{Black does his best to prepare for the standard white plan- attack on the
kingside supported by the fianchetto bishop on b2.} 15. Qh3 (15. Qg3 d5 16.
exd5 exd5 17. Bxa6 Bxa6 (17... Nh5 18. Qf3 Bxa6 19. Nxd5 Qd6 20. Qxh5 Bxf1 21.
Rxf1 Bd8 22. c4 $14) 18. Nxd5 Qc6 19. Rxe7 Nh5 20. Qf3 Bxf1 21. Rxe8 Qxe8 22.
Qxf1 Qa8 23. Qd1 Qxa2 24. Bc3 Qa6 $13) 15... Nxe4 (15... Bxe4 16. Nxe4 Nxe4 17.
Bd3 d5 18. Bxe4 dxe4 19. Qg3 f6 20. Rxe4 $14) 16. Bd3 Nf6 17. Re3 {Short did
not sacrifice the pawn in order to equalize with the tactical shot 17.Nb5.} (
17. Nb5 axb5 18. Bxf6 h6 (18... g6 19. Bxe7 Rxe7 20. Bxb5 Ra8 21. a4 Ra5 $11)
19. Bxg7 (19. Bxe7 Rxe7 20. Bxb5 f5 $11) 19... Kxg7 20. Qg4+ Kh8 21. Qh5 Bxg2+
22. Kg1 Kg7 23. Qg4+ $11) 17... g6 (17... h6 18. Rg3 Kh8 (18... h5 19. Na4 g6
20. f5 $40) 19. Bc1 $1 Qa5 (19... Rg8 20. f5 e5 $2 (20... Bf8 21. fxe6 Rxe6 $15
) 21. Bxh6 $1 gxh6 22. Qxh6+ Nh7 23. f6 e4 24. Rg7 $18) 20. Bd2 Rg8 21. f5 Bf8
$11) 18. Nd1 c4 (18... d5 19. Be5 Qc6 20. Qh4 $1 d4 (20... Nh5 $2 21. Qxh5 $1)
21. Rg3 Kg7 22. Nf2 $18) 19. bxc4 (19. Bxc4 d5 20. Bd3 Qc5 21. Rg3 d4 $13)
19... Qc5 20. f5 $1 {[%mdl 128] Moves like this are usually a bad sign for the
defender, all white pieces are staring on the kingside.} e5 (20... exf5 21.
Rxe7 (21. Rxf5 Bc8 22. Rxc5 Bxh3 23. Rc7 Bd8 24. gxh3 Bxc7 25. Bxf6 Re6 $14)
21... Rxe7 22. Bxf6 $16) 21. Rg3 Be4 (21... Bc8 22. Qh6 $1 e4 23. Bxf6 Bxf6 24.
Rh3 $18) 22. Ne3 Bxd3 (22... Qa5 23. a3 Rb8 24. Bc1 $40) 23. cxd3 Kh8 (23...
Qa5 24. Qh6 $1 (24. a3 $6 Qd2 25. Nd1 Rb8 26. Bc3 Qe2 $11) 24... Qd2 25. Rh3
Qxd3 (25... Qxb2 26. Nd5 Nh5 27. Rxh5 gxh5 28. f6 $18) 26. Bc1 Bd8 27. fxg6
fxg6 28. Rxf6 Rxf6 29. Qxh7+ Kf8 30. Qh8+ Ke7 31. Qxf6+ Kxf6 32. Ng4+ Kf5 33.
Rxd3 Kxg4 34. Rxd6 $16) 24. Bc1 Rg8 (24... Nh5 25. Rgf3 Nf4 26. Qh6 Rg8 27. Ng4
$16) 25. fxg6 fxg6 (25... Rxg6 26. Rgf3 Qc6 27. Nf5 $16) 26. Nd5 Nxd5 (26...
Nh5 27. Rgf3 Qc6 28. Bh6 Bd8 29. Rf7 a5 30. g4 Ng7 31. Bxg7+ Rxg7 32. Qh6 $18)
27. Qxh7+ $1 {Beautiful finish to a well played game, the mate with queen
sacrifice is refreshingly unusual.} (27. Qxh7+ $1 Kxh7 28. Rh3+ Kg7 29. Bh6+
Kh7 30. Bf8+ Bh4 31. Rxh4#) 1-0